Ukrainian cities by percentage destroyed - Statistics

General Stats
  • This quiz has been taken 26 times
  • The average score is 6 of 13
Answer Stats
% destroyed City % Correct
28% Kharkiv
92%
95% Mariupol
88%
4% Kiev
84%
<1% Odessa
80%
90% Bakhmut
60%
10% Kherson
60%
5% Melitopol
36%
2% Mykolaiv
32%
<1% Kryvyi Rih
28%
80% Severodonetsk
24%
99% Marinka
20%
6% Donetsk City
8%
<1% Luhansk city
8%
No matching quizzes found
Score Distribution
Percent of People with Each Score
Percentile by Number Answered
Your Score History
You have not taken this quiz